000
00280nam a2200109Ia 4500
005
20251222143147.0
008
251222s9999||||xx |||||||||||||| ||spa||
082
_a
869.569/V23Y/Ej.2/
100
_a
"Vallejo, César"
245
0
_a
Fabla salvajeEl tungstenoPaco Yunque
942
_c
LIB
999
_c
12535
_d
12535